A Textbook of Communication & Educational Techonology / (Record no. 31)

MARC details
000 -LEADER
Fixed length control field 00561nam a2200205Ia 4500
003 - CONTROL NUMBER IDENTIFIER
Control field IIN
005 - DATE AND TIME OF LATEST TRANSACTION
Control field 20240131213429.0
008 - FIXED-LENGTH DATA ELEMENTS--GENERAL INFORMATION
Fixed length control field 231217s9999 xx 000 0 und d
020 ## - INTERNATIONAL STANDARD BOOK NUMBER / ISBN
Price Rs.345.00
International Standard Book Number 9789381390276
040 ## - CATALOGING SOURCE
Original cataloging agency IIN
Language of cataloging English
082 ## - DEWEY DECIMAL CLASSIFICATION NUMBER
Classification number 610.73071
Book Number BUT
100 1# - MAIN ENTRY--PERSONAL NAME
Personal name Buttar, B.K.
245 #2 - TITLE STATEMENT
Title A Textbook of Communication & Educational Techonology /
Statement of responsibility B.K. Buttar & Neelam Kumari
260 ## - IMPRINT
Name of publisher PV
Place of publication Jalandhar
Date of publication 2011
300 ## - PHYSICAL DESCRIPTION
Page / Vol. No 408 p.
650 1# - SUBJECT ADDED ENTRY--TOPICAL TERM
Topical term Education
650 1# - SUBJECT ADDED ENTRY--TOPICAL TERM
Topical term Communication
Form subdivision Techonology
700 1# - ADDED ENTRY--PERSONAL NAME
Personal name Kumari, Neelam
942 ## - ADDED ENTRY ELEMENTS (KOHA)
Koha item type Books
Holdings
Withdrawn status Lost status Source of classification Damaged status Not for loan Collection code Home library Current library Date acquired Price Total Checkouts Call number Accession number Date last seen Price effective from Koha item type
    Dewey Decimal Classification       IDEAL INSTITUTE OF NURSING IDEAL INSTITUTE OF NURSING 17/12/2023 345.00   610.73071 BUT 26 17/12/2023 17/12/2023 Books
    Dewey Decimal Classification       IDEAL INSTITUTE OF NURSING IDEAL INSTITUTE OF NURSING 17/12/2023 345.00   610.73071 BUT 27 17/12/2023 17/12/2023 Books
    Dewey Decimal Classification       IDEAL INSTITUTE OF NURSING IDEAL INSTITUTE OF NURSING 17/12/2023 345.00   610.73071 BUT 28 17/12/2023 17/12/2023 Books
© Ideal Institute Of Nursing, All rights reserved.         Powered by Koha